| 000 | 00000nam 2200000zi 4500 |
| 001 | 9.945323 |
| 003 | CaOODSP |
| 005 | 20241119134701 |
| 006 | m o d f |
| 007 | cr bn |||||||| |
| 008 | 241119s2024 onc ol f000 0 fre d |
| 040 | |aCaOODSP|bfre|erda|cCaOODSP |
| 041 | |afre|aeng |
| 043 | |an-cn--- |
| 086 | 1 |aXB441-419/1-PDF |
| 110 | 1 |aCanada. |bParlement. |bChambre des communes, |eorganisme de publication. |
| 245 | 13|aAn Act to establish a national strategy for universal eye care = |bLoi établissant une stratégie nationale sur l'accès universel aux soins ophtalmiques. |
| 246 | 11|aLoi établissant une stratégie nationale sur l'accès universel aux soins ophtalmiques |
| 246 | 13|iTitre abrégé : |aLoi relative à la stratégie nationale sur l'accès universel aux soins ophtalmiques |
| 264 | 1|a[Ottawa] : |bHouse of Commons of Canada = Chambre des communes du Canada, |c2024. |
| 300 | |a1 ressource en ligne (ii, 3 pages). |
| 336 | |atexte|btxt|2rdacontent/fre |
| 337 | |ainformatique|bc|2rdamedia/fre |
| 338 | |aressource en ligne|bcr|2rdacarrier/fre |
| 490 | 1 |aProjet de loi C- ... ; |vProjet de loi C-419, 1re session, 44e législature |
| 500 | |a« Première lecture le 19 novembre 2024. » |
| 500 | |a« M. Davies. » |
| 500 | |aTitre de la couverture. |
| 520 | |a« Le texte prévoit l'élaboration d'une stratégie nationale visant à soutenir l'accès universel, dans tout le Canada, aux soins ophtalmiques, aux procédures de correction de la vue et aux aides visuelles » -- Sommaire, page ii. |
| 546 | |aTexte en français et en anglais. |
| 650 | 6|aŒil|xMaladies|xDroit|zCanada|vLégislation. |
| 650 | 6|aŒil|xSoins et hygiène|xDroit|zCanada|vLégislation. |
| 650 | 6|aTroubles de la vision|xDroit|zCanada|vLégislation. |
| 650 | 6|aOptométrie|xDroit|zCanada|vLégislation. |
| 650 | 6|aOphtalmologie|xDroit|zCanada|vLégislation. |
| 655 | 7|aProjets de loi|2rvmgf |
| 788 | |tAn Act to establish a national strategy for universal eye care = |eeng|w(CaOODSP)9.945322 |
| 830 | #0|aProjet de loi C-...|vProjet de loi C-419, 1re session, 44e législature.|w(CaOODSP)9.500660 |
| 856 | 40|qPDF|s125 Ko|uhttps://publications.gc.ca/collections/collection_2024/parl/XB441-419-1.pdf |
| 856 | 4 |qHTML|sS.O.|uhttps://www.parl.ca/documentviewer/fr/44-1/projet-loi/C-419/premiere-lecture |
| 986 | |a441383 |